Agenda and draft reports (Record no. 7451)

MARC details
000 -LEADER
fixed length control field 00840nam a2200205Ia 4500
003 - CONTROL NUMBER IDENTIFIER
control field IN-BaIIA
008 - FIXED-LENGTH DATA ELEMENTS--GENERAL INFORMATION
fixed length control field 211028s9999 xx 000 0 eng d
040 ## - CATALOGING SOURCE
Transcribing agency IIA Library
080 ## - UNIVERSAL DECIMAL CLASSIFICATION NUMBER
Universal Decimal Classification number 063:52
Item number IAU
110 ## - MAIN ENTRY--CORPORATE NAME
Corporate name or jurisdiction name as entry element International Astronomical Union
111 ## - MAIN ENTRY--MEETING NAME
Meeting name or jurisdiction name as entry element International Astronomical Union General Assembly
Number of part/section/meeting 12th
Location of meeting Germany
Date of meeting or treaty signing 1964 Aug. 25 - Sept. 3
9 (RLIN) 12726
245 #0 - TITLE STATEMENT
Title Agenda and draft reports
Remainder of title proceedings of the 12th General Assembly, Germany, August 25 - September 3, 1964
Statement of responsibility, etc. International Astronomical Union
260 ## - PUBLICATION, DISTRIBUTION, ETC.
Place of publication, distribution, etc. France
Name of publisher, distributor, etc. International Astronomical Union
Date of publication, distribution, etc. 1964
300 ## - PHYSICAL DESCRIPTION
Extent lx, 695p.
500 ## - GENERAL NOTE
General note Donated by Mrs. Bappu
650 ## - SUBJECT ADDED ENTRY--TOPICAL TERM
Topical term or geographic name entry element Astronomy
9 (RLIN) 80
650 ## - SUBJECT ADDED ENTRY--TOPICAL TERM
Topical term or geographic name entry element Astronomy and Astrophysics Thesaurus
710 ## - ADDED ENTRY--CORPORATE NAME
Corporate name or jurisdiction name as entry element International Astronomical Union
942 ## - ADDED ENTRY ELEMENTS (KOHA)
Koha item type Books
Holdings
Withdrawn status Lost status Damaged status Not for loan Home library Current library Shelving location Date acquired Total Checkouts Full call number Barcode Date last seen Price effective from Koha item type
        IIA Library-Bangalore IIA Library-Bangalore General Stacks 11/07/1983   063:52/ IAU 8261 05/11/2021 11/07/1983 Books

Powered by Koha